00880nam a2200241 a 450000100060000000300080000600500170001400800410003103500190007204000270009104100080011808200260012624500720015226000410022430000330026550000190029860000450031765000400036265100540040294200120045699900170046895201530048556111BD-RjUL20211209080344.0161126s1945 pk ac 001 0beng c a(BD-RjUL)56235 aSYBcSYBdBD-RjULbeng aeng a954.035bSAM 194522310aMohammad Ali Jinnah :b(a political study) /cMatlubul Hasan Saiyid aLahore :bSh. Muhammad Ashraf,c1945 axii, 939p. :bill. ;c19 cm. aIncludes Index10aJinnah, Mahomed Ali,d1876-1948.9125794 0aStatesmenzIndiavBiography.984633 0aIndiaxPolitics and governmenty1919-1947.984634 2ddccBK c56111d56111 00102ddc40708NFICaRUCLbRUCLcStackd1962-01-12eOrient Library, RAjshahig31.80l0o954.035 SAM 1945r2016-11-26 00:00:00tC-2w2021-12-09yBK